Braunwald's heart disease : a textbook of cardiovascular medicine [vol. 1] (Record no. 27797)

MARC details
000 -LEADER
fixed length control field 00517nam a2200181Ia 4500
020 ## - INTERNATIONAL STANDARD BOOK NUMBER
ISBN 9781416025948
050 ## - CALL MARK
Classification number RC 681 .D68/
100 ## - STATEMENT OF RESPONSIBILITY--MAIN AUTHOR NAME
Personal name Edited by Douglas P. Zipes ... [et al.].
245 #0 - TITLE STATEMENT
Title Braunwald's heart disease : a textbook of cardiovascular medicine [vol. 1]
260 ## - PUBLICATION, DISTRIBUTION, ETC. (IMPRINT)
Place of publication Philadelphia
260 ## - PUBLICATION, DISTRIBUTION, ETC. (IMPRINT)
Name of publisher Elsevier Saunders
260 ## - PUBLICATION, DISTRIBUTION, ETC. (IMPRINT)
Year of publication 2005
300 ## - PHYSICAL DESCRIPTION
Number of Pages 1102 p
650 ## - SUBJECT ADDED ENTRY--TOPICAL TERM
Topical Term Heart--Diseases. Cardiology.
942 ## - ADDED ENTRY ELEMENTS (KOHA)
Koha item type Books
Holdings
Withdrawn status Lost status Source of classification or shelving scheme Damaged status Not for loan Permanent Location Current Location Date acquired Accession Number Price effective from Koha item type
    Library of Congress Classification     NILE UNIVERSITY OF NIGERIA - MAIN LIBRARY NILE UNIVERSITY OF NIGERIA - MAIN LIBRARY 04/23/2025 0195149 04/23/2025 Books